A statistical account of Bengal. Volume-19 / (Record no. 23022)

MARC details
000 -LEADER
fixed length control field 02108cam a2200301 4500
001 - CONTROL NUMBER
control field 4567974
003 - CONTROL NUMBER IDENTIFIER
control field BDDh-ASL
005 - DATE AND TIME OF LATEST TRANSACTION
control field 20231015030204.0
008 - FIXED-LENGTH DATA ELEMENTS--GENERAL INFORMATION
fixed length control field 740421m19731976ii b s 001 0 eng
010 ## - LIBRARY OF CONGRESS CONTROL NUMBER
LC control number 73906132
040 ## - CATALOGING SOURCE
Original cataloging agency DLC
Transcribing agency DLC
Modifying agency DLC
043 ## - GEOGRAPHIC AREA CODE
Geographic area code a-ii---
-- a-bg---
050 00 - LIBRARY OF CONGRESS CALL NUMBER
Classification number DS485.B41
Item number H9232
082 00 - DEWEY DECIMAL CLASSIFICATION NUMBER
Classification number 954.15
Item number HUS
100 1# - MAIN ENTRY--PERSONAL NAME
Personal name Hunter, William Wilson,
Dates associated with a name 1840-1900.
245 12 - TITLE STATEMENT
Title A statistical account of Bengal. Volume-19 /
Statement of responsibility, etc. [by] W. W. Hunter.
260 ## - PUBLICATION, DISTRIBUTION, ETC.
Place of publication, distribution, etc. Delhi,
Name of publisher, distributor, etc. D. K. Pub. House
Date of publication, distribution, etc. [1973-1976]
300 ## - PHYSICAL DESCRIPTION
Extent 336 p.:
Other physical details fold. maps.
Dimensions 22 cm.
350 ## - PRICE (NR) (BK AM CF MU VM SE) [OBSOLETE]
Price Rs100.00 ($20.00 U.S.) per vol.
500 ## - GENERAL NOTE
General note Vols. 11-20 have imprint: Delhi, Concept Pub. Co.
500 ## - GENERAL NOTE
General note Includes a reproduction of the t.p. of the 1875-77 ed., published by Trübner, London.
505 0# - FORMATTED CONTENTS NOTE
Formatted contents note v. 1. Districts of the 24 Parganas and Sundarbans.--v. 2. Districts of Nadia and Jessore.--v. 3. Districts of Midnapur and Hughli (including Howrah)--v. 4. Districts of Bardwan, Bankura, and Birbhum.--v. 5. Districts of Dacca, Bákarganj, Farídpur, and Maimansinh.--v. 6. Kisch, H. M. Chittagong Hill Tracts, Chittagong, Noákhálí. Tipperah, Hill Tipperah.--v. 7. Districts of Maldah, Rangpur, and Dinājpur.--v. 8. Districts of Rájsháhi and Bográ.--v. 9. Districts of Murshidábad and Pábná.--v. 10. Districts of Dárjíling and Jalpáiguri, and State of Kuch Behar.--v. 11. Districts of Patna and Saran.--v. 12. Districts of Gayá and Sháhábád.--v. 13. Tirhut and Champáran.--v. 14. Districts of Bhágalpur and the Santál Parganás.--v. 15. Districts of Monghyr and Purniah.--v. 16. Districts of Hazáribágh and Lohárdagá.--v. 17. Singbhum District, Tributary States of Chutia Nagpur, and Manbhum.--v. 18. District of Cuttack and Balasor.--v. 19. District of Puri and the Orissa Tributary States.--v. 20. Day, J., and others. Fisheries and Botany of Bengal, with general index.
651 #0 - SUBJECT ADDED ENTRY--GEOGRAPHIC NAME
Geographic name Bengal (India)
651 #0 - SUBJECT ADDED ENTRY--GEOGRAPHIC NAME
Geographic name Bengal (India)
General subdivision Statistics.
700 1# - ADDED ENTRY--PERSONAL NAME
Personal name Kisch, Hermann Michael,
Dates associated with a name 1850-1942,
Relator term comp.
906 ## - LOCAL DATA ELEMENT F, LDF (RLIN)
a 7
b cbc
c orignew
d 4
e ncip
f 19
g y-gencatlg
942 ## - ADDED ENTRY ELEMENTS (KOHA)
Source of classification or shelving scheme Dewey Decimal Classification
Koha item type Books
Holdings
Withdrawn status Lost status Source of classification or shelving scheme Damaged status Not for loan Collection code Home library Current library Shelving location Date acquired Source of acquisition Serial Enumeration / chronology Total Checkouts Full call number Barcode Date last seen Copy number Price effective from Koha item type Public note
    Dewey Decimal Classification   Not For Loan Non-fiction Asiatic Society Library Asiatic Society Library General Stacks 03/11/2021 ASB Collection V-19   954.15 HUS 107402 03/11/2021 C-1 03/11/2021 Books RARE
    Dewey Decimal Classification   Not For Loan Non-fiction Asiatic Society Library Asiatic Society Library General Stacks 03/11/2021 ASB Collection V-19   954.15 HUS 107403 03/11/2021 C-2 03/11/2021 Books RARE

Powered by Koha